| 000 | 00849cam a22002893a 4500 | ||
|---|---|---|---|
| 001 | 1695 | ||
| 003 | PGUSA | ||
| 005 | 20140828083005.0 | ||
| 008 | 990401s1999||||xxu|||||s|||||000 1 eng d | ||
| 040 |
_aPGUSA _beng |
||
| 042 | _adc | ||
| 050 | 4 | _aPR | |
| 100 | 1 |
_aChesterton, G. K. _q(Gilbert Keith), _d1874-1936 |
|
| 245 | 1 | 4 |
_aThe Man Who Was Thursday : _bA Nightmare _h[electronic resource] / _cG. K. Chesterton |
| 260 |
_bProject Gutenberg, _c1999 |
||
| 506 | _aPublic domain in the USA. | ||
| 516 | _aElectronic text | ||
| 653 | _aLondon (England) -- Fiction | ||
| 653 | _aFantasy fiction | ||
| 653 | _aAllegories | ||
| 653 | _aDetective and mystery stories | ||
| 653 | _aAnarchists -- Fiction | ||
| 653 | _aPolice -- Fiction | ||
| 830 | 0 |
_aProject Gutenberg _v1695 |
|
| 856 | 4 | 0 | _uhttp://www.gutenberg.org/ebooks/1695 |
| 942 | _cEB | ||
| 999 |
_c231041 _d231041 |
||